| 000 | 01364nam a2200349 i 4500 | ||
|---|---|---|---|
| 001 | 11745 | ||
| 003 | KOSZ 005 | ||
| 005 | 20191106105613.0 | ||
| 008 | 091006s1967 pl a f 001 0 pol | ||
| 015 | _aPB 1967/4143 | ||
| 040 |
_aWA N _cKOSZ 005/RW _dKOSZ 005/RW |
||
| 041 | 1 |
_apol _hrus |
|
| 080 | _a621.315.027.3 | ||
| 100 | 1 |
_aBabikov, Maksim Alekseevič. _eAutor. |
|
| 245 | 1 | 0 |
_aTechnika wysokich napięć / _cM. A. Babikow, N. S. Komarow, A. S. Siergiejew ; tł. W. Lidmanowski, S. Roguski, J. Wierzbicki. |
| 246 | 1 |
_iTyt. oryg.: _aTehnika vysokih naprâženij. |
|
| 260 |
_aWarszawa : _bWydawnictwa Naukowo-Techniczne, _c1967. |
||
| 300 |
_a489, [1] s. : _bil. ; _c25 cm. |
||
| 380 | _aKsiążki. | ||
| 500 | _aNazwa tł. właściwie: Zbigniew Roguski. | ||
| 504 | _aBibliogr. s. 486-[487]. Indeks. | ||
| 521 | 8 | _aDla inżynierów i techników. | |
| 650 | 4 | _aTechnika wysokich napięć | |
| 700 | 1 | _aKomarov, Nikita Semenovič. | |
| 700 | 1 | _aSergeev, Aleksandr Sergeevič. | |
| 700 | 1 |
_aLidmanowski, Wacław. _eTł. |
|
| 700 | 1 |
_aRoguski, Zbigniew. _eTł. |
|
| 700 | 1 |
_aWierzbicki, Jerzy J. _eTł. |
|
| 710 | 2 |
_aWydawnictwa Naukowo-Techniczne _4pbl. |
|
| 856 |
_uhttp://koha.tu.koszalin.pl/cgi-bin/koha/opac-detail.pl?biblionumber=11745 _yKatalog online BPK |
||
| 942 |
_2UKD _cKS |
||
| 999 |
_c11745 _d11745 |
||